000 00372nam a22001697a 4500
003 CEME
005 20210628204012.0
008 210106b xxu||||| |||| 00| 0 eng d
020 _a009917961X
040 _c.
082 _a823 GRI
100 _aGrisham, John
_99825
245 _aThe rainmaker
260 _aLONDON
_bARROW
_c1995
300 _a568P
942 _cBK
_2ddc
999 _c575829
_d575829